000 01369nam0a2200265 4500
001 RU\NLR\b_ik\143498
005 20260407134125.0
035 _a(NLR Aleph) 002216673
090 _a3242553
_c3242553
100 _a20060309d2005 |||y0rusy50 ca
101 0 _aeng
_drus
102 _aRU
105 _aa |||||||||
200 1 _aElectrocardiogram analysis
_dАнализ электрокардиограмм
_ea systemic guide to ECG diagnosis
_eprepared for foreign students of the medical faculty
_fKursk state medical univ., Dep. of the propaedeutics of internal diseases
_g[auth.: E.N. Konoplya et al.]
210 _aKursk
_cИзд-во Курского государственного медицинского университета
_d2005
215 _a41 с.
_cил.
_d21
300 _aРез. на рус. яз.
606 1 _aЭлектрокардиограммы
_jУчебные издания для высших учебных заведений
_xАнализ
_9968149
_3RU\NLR\AUTH\66362701
686 4 _aР343.371я73
702 1 _aKonoplja
_bE. N.
_gEvgenija Nikitična
_4220
712 0 2 _4570
_8eng
_aKursk state medical university
_bDepartment of the propaedeutics of the internal diseases
_7ba
_3RU\NLR\AUTH\8810080585
_9663352
801 0 _aRU
_bNLR
_c20060309
_gPSBO
942 _cBOOK
980 _aNB